[Event "La Palma Island op"]
[Site "Santa Cruz de La Palma"]
[Date "2023.08.10"]
[Round "8"]
[White "Laliena Solanes, Luis M"]
[Black "Bressac, Stephane"]
[Result "0-1"]
[WhiteElo "2176"]
[BlackElo "2389"]
[PlyCount "60"]
[EventDate "2023.08.05"]
[EventType "swiss"]
[EventRounds "9"]
[EventCountry "ESP"]
[SourceTitle "CBM 215 Extra"]
[Source "ChessBase"]
[SourceDate "2023.09.30"]
[SourceVersion "1"]
[SourceVersionDate "2023.09.30"]
[SourceQuality "1"]

1. d4 d6 2. Nf3 Nf6 3. c4 g6 4. Nc3 Bg7 5. e4 0-0 6. h3 e5 7. d5 a5 8. Be3 Na6 9. g4 Nd7 10. Rg1 Kh8 11. h4 Ndc5 12. g5 Bd7 13. h5 Kg8 14. Nd2 Qe8 15. Nb3 b6 16. Rh1 f6 17. gxf6 Rxf6 18. Bg5 Rf8 19. Qd2 Nxb3 20. axb3 Nc5 21. Ra3 gxh5 22. Be3 Qg6 23. Bxc5 bxc5 24. Be2 Bh6 25. Qd3 h4 26. Ra1 Qg2 27. Rf1 Kh8 28. Nd1 Rf4 29. f3 Qg3+ 30. Nf2 Bh3 0-1

[Event "Avoine op 37th"]
[Site "Avoine"]
[Date "2023.07.30"]
[Round "9"]
[White "Abergel, Thal"]
[Black "Bressac, Stephane"]
[Result "1-0"]
[WhiteElo "2375"]
[BlackElo "2389"]
[PlyCount "127"]
[EventDate "2023.07.22"]
[EventType "swiss"]
[EventRounds "9"]
[EventCountry "FRA"]
[SourceTitle "CBM 215 Extra"]
[Source "ChessBase"]
[SourceDate "2023.09.30"]
[SourceVersion "1"]
[SourceVersionDate "2023.09.30"]
[SourceQuality "1"]

1. Nf3 Nf6 2. g3 g6 3. Bg2 Bg7 4. 0-0 0-0 5. Nc3 d6 6. d4 Nbd7 7. d5 Nc5 8. Be3 Ng4 9. Bd4 e5 10. dxe6 Nxe6 11. Bxg7 Kxg7 12. Qd2 Bd7 13. Rad1 Bc6 14. Nd5 Kg8 15. c4 Re8 16. b4 a5 17. Qb2 Bxd5 18. cxd5 Nf8 19. bxa5 Ne5 20. Qxb7 Rxa5 21. Nxe5 Rxe5 22. Qb2 Nd7 23. e4 Qa8 24. f4 Re8 25. Rd2 Qa7+ 26. Kh1 Rb8 27. Qc3 Nc5 28. Qc2 Ra8 29. Rff2 Ra3 30. Rfe2 Qa5 31. e5 Rc3 32. Qd1 Qa3 33. Rc2 Rd3 34. Qb1 Qa4 35. Rcd2 Qd4 36. Rxd3 Nxd3 37. Qg1 Qc4 38. e6 fxe6 39. dxe6 Rxa2 40. Rxa2 Qxa2 41. e7 Kf7 42. e8Q+ Kxe8 43. Qe3+ Ne5 44. Qe1 Qb2 45. fxe5 dxe5 46. h4 Qd4 47. Qa5 Qd6 48. Qa8+ Kf7 49. Bd5+ Kg7 50. Kg2 e4 51. Bxe4 Qd2+ 52. Kh3 Qd7+ 53. Kh2 Qd2+ 54. Bg2 h5 55. Qe8 Qc3 56. Qe7+ Kh6 57. Be4 Qd2+ 58. Kh3 Qd6 59. Qxd6 cxd6 60. Kg2 g5 61. hxg5+ Kxg5 62. Kh3 h4 63. g4 Kf4 64. Bb7 1-0

[Event "Vecindario Montalvo Memorial 14th"]
[Site "Vecindario"]
[Date "2022.09.11"]
[Round "9"]
[White "Bressac, Stephane"]
[Black "Debray, Christopher"]
[Result "1-0"]
[WhiteElo "2338"]
[BlackElo "2349"]
[PlyCount "69"]
[EventDate "2022.09.04"]
[EventType "swiss"]
[EventRounds "9"]
[EventCountry "ESP"]
[SourceTitle "CBM 210 Extra"]
[Source "ChessBase"]
[SourceDate "2022.11.30"]
[SourceVersion "1"]
[SourceVersionDate "2022.11.30"]
[SourceQuality "1"]

1. e4 e6 2. d4 d5 3. Nd2 dxe4 4. Nxe4 Bd7 5. Bd3 Bc6 6. Nf3 Nd7 7. 0-0 Ngf6 8. Neg5 Be7 9. Ne5 Nxe5 10. dxe5 Nd7 11. Nxe6 fxe6 12. Qh5+ Kf8 13. f4 Qe8 14. Qg4 Nc5 15. f5 Nxd3 16. fxe6+ Kg8 17. Rf7 Bf8 18. Bh6 g6 19. Rxf8+ Qxf8 20. Bxf8 Rxf8 21. cxd3 Kg7 22. e7 Rf5 23. e6 Re8 24. Qd4+ Kg8 25. Rf1 Rxf1+ 26. Kxf1 Rxe7 27. Qf6 Re8 28. e7 Bd5 29. Kf2 Bxa2 30. Kf3 Bf7 31. Kf4 h6 32. h4 a5 33. h5 g5+ 34. Kf5 Bxh5 35. Qxh6 1-0

[Event "Vecindario Montalvo Memorial 14th"]
[Site "Vecindario"]
[Date "2022.09.09"]
[Round "7"]
[White "Bressac, Stephane"]
[Black "Czebe, Attila"]
[Result "0-1"]
[WhiteElo "2338"]
[BlackElo "2375"]
[PlyCount "82"]
[EventDate "2022.09.04"]
[EventType "swiss"]
[EventRounds "9"]
[EventCountry "ESP"]
[SourceTitle "CBM 210 Extra"]
[Source "ChessBase"]
[SourceDate "2022.11.30"]
[SourceVersion "1"]
[SourceVersionDate "2022.11.30"]
[SourceQuality "1"]

1. e4 c5 2. c3 Nf6 3. e5 Nd5 4. Nf3 Nc6 5. Bc4 Nb6 6. Bb3 d5 7. exd6 c4 8. Bc2 Qxd6 9. 0-0 Bg4 10. h3 Bh5 11. Re1 e6 12. b3 Be7 13. Qe2 cxb3 14. axb3 0-0 15. d4 Nd5 16. Nbd2 Qc7 17. Nf1 Nxc3 18. Qd3 f5 19. Qxc3 Bb4 20. Qc4 Bxe1 21. Nxe1 Qd7 22. Ba3 Rfd8 23. Bxf5 Nxd4 24. Ng3 b5 25. Qd3 exf5 26. Nxh5 Qf7 27. Bb2 Nxb3 28. Qg3 Nxa1 29. Nxg7 f4 30. Qg5 Qg6 31. Qxb5 Rab8 32. Qa5 Qb6 33. Qg5 h6 34. Qh4 Qxb2 35. Nf5 Qe5 36. Qg4+ Kh7 37. Nf3 Rg8 38. Qh5 Qf6 39. h4 Rb5 40. N3d4 Rxf5 41. Nxf5 Qg6 0-1

[Event "Titled Tuesday intern op 09th Aug Early"]
[Site "Chess.com INT"]
[Date "2022.08.09"]
[Round "3"]
[White "Bressac, Stephane"]
[Black "Perez Rodriguez, Jennifer"]
[Result "1-0"]
[WhiteElo "2348"]
[BlackElo "2251"]
[PlyCount "123"]
[EventDate "2022.08.09"]
[EventType "swiss (blitz)"]
[EventRounds "11"]
[EventCountry "USA"]
[SourceTitle "EXT 2023"]
[Source "ChessBase"]
[SourceDate "2022.10.05"]
[SourceVersion "1"]
[SourceVersionDate "2022.10.05"]
[SourceQuality "1"]

1. e4 e5 2. Nf3 Nc6 3. d4 exd4 4. Nxd4 Bb4+ 5. c3 Bc5 6. Be3 Bb6 7. Nf5 Bxe3 8. Nxe3 Nge7 9. c4 d6 10. Nc3 0-0 11. Be2 f5 12. exf5 Nxf5 13. Nxf5 Bxf5 14. 0-0 Ne5 15. f4 Nc6 16. Bf3 Be6 17. Nd5 Kh8 18. g3 Qd7 19. Qd2 Rae8 20. Rfe1 Bf7 21. b3 Rxe1+ 22. Rxe1 Re8 23. Re3 Rxe3 24. Qxe3 a6 25. Kg2 h6 26. h4 Nd8 27. Be4 c6 28. Nc3 Qe7 29. Kf2 Qf6 30. Bc2 Ne6 31. Ne4 Qb2 32. Qd2 Bg6 33. Ke3 Nc7 34. Bd3 Qxd2+ 35. Kxd2 d5 36. Nc5 b6 37. Nxa6 Bxd3 38. Nxc7 dxc4 39. Kc3 cxb3 40. axb3 Be4 41. Ne6 Kg8 42. Kd4 Bc2 43. b4 Bd1 44. Ke5 Bf3 45. Kd6 Kf7 46. Nd8+ Kf6 47. Nxc6 Kf5 48. Nd4+ Kg4 49. Nxf3 Kxf3 50. Kc6 Kxg3 51. Kxb6 Kxh4 52. Kc5 Kg4 53. b5 h5 54. b6 h4 55. b7 h3 56. b8Q Kg3 57. f5+ Kg2 58. Qg8 h2 59. Qxg7+ Kf3 60. Qh6 Kg2 61. Qxh2+ Kxh2 62. f6 1-0

[Event "Titled Tuesday intern op 09th Aug Early"]
[Site "Chess.com INT"]
[Date "2022.08.09"]
[Round "6"]
[White "Bressac, Stephane"]
[Black "Shimanov, Aleksandr"]
[Result "0-1"]
[WhiteElo "2348"]
[BlackElo "2581"]
[PlyCount "66"]
[EventDate "2022.08.09"]
[EventType "swiss (blitz)"]
[EventRounds "11"]
[EventCountry "USA"]
[SourceTitle "EXT 2023"]
[Source "ChessBase"]
[SourceDate "2022.10.05"]
[SourceVersion "1"]
[SourceVersionDate "2022.10.05"]
[SourceQuality "1"]

1. e4 d5 2. exd5 Qxd5 3. Nc3 Qe5+ 4. Be2 Bg4 5. d4 Bxe2 6. Ngxe2 Qa5 7. 0-0 Nf6 8. Bd2 Nc6 9. Ne4 Qf5 10. N2g3 Qd5 11. Nxf6+ gxf6 12. Be3 0-0-0 13. c3 h5 14. Qb3 e6 15. c4 Qa5 16. Rfd1 h4 17. d5 hxg3 18. dxc6 gxh2+ 19. Kh1 Rxd1+ 20. Rxd1 bxc6 21. a3 Bd6 22. c5 Bxc5 23. Rc1 Bxe3 24. Qxe3 Kb7 25. b4 Qd5 26. a4 a6 27. Qc3 Rg8 28. f3 f5 29. b5 axb5 30. axb5 c5 31. Kxh2 Qd4 32. Qc2 Rh8+ 33. Kg3 Qh4# 0-1

[Event "Titled Tuesday intern op 09th Aug Early"]
[Site "Chess.com INT"]
[Date "2022.08.09"]
[Round "11"]
[White "Rios Escobar, Adan"]
[Black "Bressac, Stephane"]
[Result "0-1"]
[WhiteElo "2276"]
[BlackElo "2348"]
[PlyCount "148"]
[EventDate "2022.08.09"]
[EventType "swiss (blitz)"]
[EventRounds "11"]
[EventCountry "USA"]
[SourceTitle "EXT 2023"]
[Source "ChessBase"]
[SourceDate "2022.10.05"]
[SourceVersion "1"]
[SourceVersionDate "2022.10.05"]
[SourceQuality "1"]

1. d4 Nf6 2. g3 g6 3. Bg2 Bg7 4. e4 0-0 5. Ne2 c5 6. c3 cxd4 7. cxd4 d5 8. e5 Ne8 9. 0-0 Nc6 10. Nbc3 Nc7 11. Qb3 e6 12. h4 b6 13. Rd1 Ba6 14. Nf4 Rc8 15. h5 Na5 16. Qa4 g5 17. h6 Bxh6 18. Nh5 Ne8 19. b4 Rxc3 20. bxa5 Be2 21. Ba3 Bxh5 22. Bxf8 Bxd1 23. Qb4 Rc4 24. Qd2 Bxf8 25. Rxd1 bxa5 26. Bf1 Rb4 27. a3 Rb3 28. a4 Ng7 29. Bd3 Bb4 30. Qe2 Bc3 31. Bc2 Rb4 32. Qd3 Rxd4 33. Qxh7+ Kf8 34. Rxd4 Bxd4 35. Qh8+ Ke7 36. Qxg7 Qc7 37. Qxg5+ Ke8 38. Qg8+ Ke7 39. Qg5+ Kd7 40. Bd3 Bxe5 41. Bb5+ Kd6 42. Qg8 Bf6 43. Qf8+ Ke5 44. Qg8 d4 45. Qg4 Qc1+ 46. Kg2 Kd6 47. Qg8 Qc7 48. Qf8+ Qe7 49. Qb8+ Kc5 50. Qxa7+ Qxa7 51. g4 Qb7+ 52. Kg3 Qxb5 53. g5 Qxa4 54. f4 Bxg5 55. Kg4 Bxf4 56. Kxf4 Qc4 57. Kg5 Qd5+ 58. Kf6 Qf5+ 59. Kg7 e5 60. Kf8 e4 61. Ke7 e3 62. Kd8 d3 63. Kc7 d2 64. Kb8 e2 65. Ka7 a4 66. Ka6 a3 67. Ka5 a2 68. Ka4 Qc2+ 69. Ka5 f5 70. Ka6 f4 71. Kb7 f3 72. Kc7 f2 73. Kd7 f1Q 74. Ke7 e1Q+ 0-1

[Event "Titled Tuesday intern op 09th Aug Early"]
[Site "Chess.com INT"]
[Date "2022.08.09"]
[Round "7"]
[White "Winterberg, Lukas"]
[Black "Bressac, Stephane"]
[Result "1-0"]
[WhiteElo "2394"]
[BlackElo "2348"]
[PlyCount "81"]
[EventDate "2022.08.09"]
[EventType "swiss (blitz)"]
[EventRounds "11"]
[EventCountry "USA"]
[SourceTitle "EXT 2023"]
[Source "ChessBase"]
[SourceDate "2022.10.05"]
[SourceVersion "1"]
[SourceVersionDate "2022.10.05"]
[SourceQuality "1"]

1. d4 d6 2. Nf3 Nf6 3. c4 Nbd7 4. Nc3 g6 5. e4 e5 6. Be2 Bg7 7. h3 0-0 8. d5 Nc5 9. Qc2 a5 10. g4 Bd7 11. Be3 b6 12. Nd2 Ne8 13. h4 f5 14. gxf5 gxf5 15. Bg5 Nf6 16. 0-0-0 Kh8 17. exf5 h6 18. Rdg1 Qe8 19. Be3 Nh7 20. f6 Nxf6 21. Rg6 Nh7 22. Bg4 Bxg4 23. Rxg4 Nf6 24. Rg6 Ng8 25. Rhg1 Rf7 26. Nde4 Nd7 27. Qe2 Nf8 28. R6g2 Re7 29. Qg4 Qf7 30. Ng3 Nf6 31. Qe2 N8h7 32. Nf5 Rg8 33. Nxe7 Qxe7 34. Qf3 e4 35. Qf5 a4 36. Qe6 Qf8 37. Nxe4 Nxe4 38. Qxe4 Qf6 39. Bd4 Qxd4 40. Qxd4 Bxd4 41. Rxg8# 1-0

[Event "Titled Tuesday intern op 26th Jul Early"]
[Site "Chess.com INT"]
[Date "2022.07.26"]
[Round "6"]
[White "Bressac, Stephane"]
[Black "Ardila, Oscar Humberto"]
[Result "1-0"]
[WhiteElo "2348"]
[BlackElo "2019"]
[PlyCount "159"]
[EventDate "2022.07.26"]
[EventType "swiss (blitz)"]
[EventRounds "11"]
[EventCountry "USA"]
[SourceTitle "EXT 2023"]
[Source "ChessBase"]
[SourceDate "2022.10.05"]
[SourceVersion "1"]
[SourceVersionDate "2022.10.05"]
[SourceQuality "1"]

1. e4 e5 2. Nf3 Nf6 3. d4 Nxe4 4. Bd3 d5 5. Nxe5 Nf6 6. 0-0 Be7 7. Bg5 0-0 8. Nd2 Nbd7 9. c3 Nxe5 10. dxe5 Nd7 11. Bf4 Re8 12. Re1 Nf8 13. Nf3 Bg4 14. h3 Bxf3 15. Qxf3 c6 16. Rad1 Qd7 17. c4 d4 18. b3 c5 19. Be4 Rab8 20. Bd5 Ne6 21. Bd2 a6 22. g3 Red8 23. h4 b5 24. h5 bxc4 25. Bxc4 a5 26. Bd3 a4 27. Bc4 axb3 28. axb3 h6 29. Ba5 Rdc8 30. Qg4 Bg5 31. Bd2 Bxd2 32. Rxd2 Rd8 33. Qf5 Ng5 34. Qxd7 Rxd7 35. Kg2 Re7 36. f4 Ne6 37. Kf3 Kf8 38. Ra1 Reb7 39. Ke4 Ke7 40. Rda2 Rd7 41. Ra7 Rbd8 42. Rxd7+ Rxd7 43. Ra8 d3 44. Bxd3 Rd4+ 45. Ke3 Nc7 46. Ra7 Kd8 47. Bc4 f6 48. exf6 gxf6 49. Rb7 f5 50. Rb6 Rd1 51. Rxh6 Re1+ 52. Kf2 Rb1 53. Rh8+ Ke7 54. h6 Rb2+ 55. Kf3 Rb1 56. Kg2 Rb2+ 57. Kh3 Rb1 58. Kh4 Rb2 59. Kg5 Rh2 60. h7 Ne8 61. Kxf5 Nd6+ 62. Kg6 Ne4 63. Rg8 Nxg3 64. h8Q Rxh8 65. Rxh8 Ne4 66. Rh7+ Kd6 67. Rh4 Nd2 68. f5 Nf3 69. f6 Nxh4+ 70. Kg7 Nf5+ 71. Kg6 Nd4 72. f7 Ke7 73. Kg5 Nc6 74. Kf5 Nd4+ 75. Ke5 Nc6+ 76. Kd5 Nd8 77. Kxc5 Nxf7 78. Bxf7 Kxf7 79. Kd6 Kf6 80. b4 1-0

[Event "Titled Tuesday intern op 26th Jul Early"]
[Site "Chess.com INT"]
[Date "2022.07.26"]
[Round "7"]
[White "Bressac, Stephane"]
[Black "Large, Peter G"]
[Result "0-1"]
[WhiteElo "2348"]
[BlackElo "2299"]
[PlyCount "186"]
[EventDate "2022.07.26"]
[EventType "swiss (blitz)"]
[EventRounds "11"]
[EventCountry "USA"]
[SourceTitle "EXT 2023"]
[Source "ChessBase"]
[SourceDate "2022.10.05"]
[SourceVersion "1"]
[SourceVersionDate "2022.10.05"]
[SourceQuality "1"]

1. e4 c5 2. Nf3 d6 3. Bb5+ Nc6 4. Bxc6+ bxc6 5. 0-0 e5 6. c3 Nf6 7. Re1 Be7 8. d4 cxd4 9. cxd4 Qc7 10. dxe5 dxe5 11. Qc2 0-0 12. b3 Bg4 13. Nbd2 Rfe8 14. h3 Bh5 15. Bb2 Bb4 16. Rec1 Rac8 17. a3 Bf8 18. b4 Qb8 19. Ne1 c5 20. b5 Qxb5 21. Nc4 Qb8 22. f3 Bg6 23. Nd3 Nd7 24. Bc3 Qc7 25. Ba5 Qc6 26. Rab1 f6 27. Bc3 Bf7 28. Na5 Qa6 29. Nb2 c4 30. Bb4 Bxb4 31. axb4 Qb6+ 32. Kh2 Qxb4 33. Qa4 Qxa4 34. Nxa4 Nc5 35. Nxc5 Rxc5 36. Nb7 Rc7 37. Nd6 Rd8 38. Nb5 Rcd7 39. Nc3 h5 40. Kg3 Rc7 41. Nb5 Rb7 42. Nc3 Rb3 43. Na4 Rxb1 44. Rxb1 Rd7 45. Rb8+ Kh7 46. Rc8 Rd2 47. h4 Kg6 48. Rc7 Be8 49. Nc5 Bf7 50. Rxa7 c3 51. Rc7 c2 52. Na6 Bb3 53. Nb4 Rd1 54. Nxc2 Rc1 55. Rb7 Bxc2 56. Rc7 Kh6 57. Kf2 Kh7 58. Ke3 Kg8 59. Kd2 Rg1 60. Kxc2 Rxg2+ 61. Kd3 Rh2 62. Ke3 Rxh4 63. Rc8+ Kh7 64. Rc1 Rh2 65. Rf1 g5 66. f4 gxf4+ 67. Kf3 Rh3+ 68. Kg2 Rg3+ 69. Kf2 Kg6 70. Rh1 Kg5 71. Rc1 Rb3 72. Rc8 Rb2+ 73. Kf3 Rb3+ 74. Kf2 h4 75. Rg8+ Kh5 76. Rf8 Kg6 77. Rg8+ Kf7 78. Rh8 h3 79. Rh7+ Kg6 80. Rh8 Re3 81. Rg8+ Kf7 82. Rh8 Rxe4 83. Rxh3 Re3 84. Rh7+ Kg6 85. Rh8 Ra3 86. Rg8+ Kf5 87. Ra8 Rxa8 88. Kf3 Ra3+ 89. Kf2 e4 90. Ke2 Ra2+ 91. Kd1 f3 92. Ke1 e3 93. Kf1 Ra1# 0-1

[Event "Titled Tuesday intern op 26th Jul Early"]
[Site "Chess.com INT"]
[Date "2022.07.26"]
[Round "10"]
[White "Bressac, Stephane"]
[Black "Rangel, Daniel"]
[Result "1-0"]
[WhiteElo "2348"]
[BlackElo "2189"]
[PlyCount "173"]
[EventDate "2022.07.26"]
[EventType "swiss (blitz)"]
[EventRounds "11"]
[EventCountry "USA"]
[SourceTitle "EXT 2023"]
[Source "ChessBase"]
[SourceDate "2022.10.05"]
[SourceVersion "1"]
[SourceVersionDate "2022.10.05"]
[SourceQuality "1"]

1. e4 c5 2. Nf3 g6 3. d4 cxd4 4. Qxd4 Nf6 5. e5 Nc6 6. Qa4 Nd5 7. Qb3 Nc7 8. Nc3 Bg7 9. Bf4 Ne6 10. Bg3 0-0 11. 0-0-0 a5 12. Kb1 a4 13. Nxa4 Qa5 14. Nc3 d6 15. Qb5 Qa7 16. a3 Ned4 17. Nxd4 Nxd4 18. Qd5 Nc6 19. Nb5 Qb6 20. exd6 Be6 21. Qd3 exd6 22. Qe3 Qa5 23. Bxd6 Rfd8 24. Be2 Nd4 25. Nxd4 Rxd6 26. Nb3 Rxd1+ 27. Rxd1 Qf5 28. Nd4 Qf6 29. c3 Bd5 30. Bf3 Bc4 31. Nc2 Bb3 32. Rd7 Qf5 33. Qd3 Qe6 34. Rd8+ Rxd8 35. Qxd8+ Bf8 36. Qd2 Bc5 37. Kc1 Qc4 38. Be2 Qe4 39. f3 Qe5 40. g3 Bxc2 41. Kxc2 Be3 42. Qd8+ Kg7 43. Qd3 Bg5 44. Qe4 Qd6 45. Qd4+ Qxd4 46. cxd4 Kf6 47. Kd3 Ke7 48. Kc4 Kd6 49. b4 Bc1 50. a4 Bd2 51. Bf1 b6 52. Bh3 f5 53. Bf1 Be3 54. h3 Bf2 55. g4 fxg4 56. fxg4 Be3 57. Bg2 g5 58. Be4 h6 59. a5 bxa5 60. bxa5 Kc7 61. a6 Kb6 62. Bb7 Bf4 63. Kd5 Kc7 64. Ke6 Kb6 65. d5 Kc7 66. d6+ Bxd6 67. a7 Kxb7 68. Kxd6 Kxa7 69. Ke6 Kb6 70. Kf6 Kc5 71. Kg6 Kd4 72. Kxh6 Ke4 73. Kxg5 Ke5 74. h4 Ke6 75. Kg6 Ke7 76. Kg7 Ke6 77. h5 Ke5 78. g5 Kf4 79. g6 Kf5 80. h6 Kg5 81. h7 Kf5 82. h8Q Kg5 83. Qf8 Kh5 84. Kh7 Kg5 85. g7 Kh5 86. g8Q Kh4 87. Qh6# 1-0

[Event "Titled Tuesday intern op 26th Jul Early"]
[Site "Chess.com INT"]
[Date "2022.07.26"]
[Round "2"]
[White "Martinez Alcantara, Jose Eduardo"]
[Black "Bressac, Stephane"]
[Result "1-0"]
[WhiteElo "2591"]
[BlackElo "2348"]
[PlyCount "79"]
[EventDate "2022.07.26"]
[EventType "swiss (blitz)"]
[EventRounds "11"]
[EventCountry "USA"]
[SourceTitle "EXT 2023"]
[Source "ChessBase"]
[SourceDate "2022.10.05"]
[SourceVersion "1"]
[SourceVersionDate "2022.10.05"]
[SourceQuality "1"]

1. e4 d6 2. d4 Nf6 3. Bd3 e5 4. Nf3 Nbd7 5. c3 Be7 6. 0-0 0-0 7. h3 c6 8. Re1 Qc7 9. a4 b6 10. Bg5 a6 11. Nbd2 Bb7 12. Nf1 Rfe8 13. Ng3 g6 14. Qd2 Rad8 15. Qc2 d5 16. exd5 Nxd5 17. Bxe7 Rxe7 18. Bc4 Rde8 19. Bxd5 cxd5 20. dxe5 Nxe5 21. Nd4 Nc4 22. Rxe7 Qxe7 23. Rd1 h5 24. b3 h4 25. Nf1 Nd6 26. f3 Bc8 27. Qf2 b5 28. a5 Nf5 29. b4 Nd6 30. Nc2 Bb7 31. Re1 Qd8 32. Rxe8+ Nxe8 33. Qd4 Qd6 34. Qxh4 Nc7 35. Nd4 Ne6 36. Qf6 Bc8 37. Ne3 Qd7 38. Ng4 Nxd4 39. Qxd4 f5 40. Nf6+ 1-0

[Event "Titled Tuesday intern op 26th Jul Early"]
[Site "Chess.com INT"]
[Date "2022.07.26"]
[Round "9"]
[White "Putri, Regita Desyari"]
[Black "Bressac, Stephane"]
[Result "0-1"]
[WhiteElo "1897"]
[BlackElo "2348"]
[PlyCount "64"]
[EventDate "2022.07.26"]
[EventType "swiss (blitz)"]
[EventRounds "11"]
[EventCountry "USA"]
[SourceTitle "EXT 2023"]
[Source "ChessBase"]
[SourceDate "2022.10.05"]
[SourceVersion "1"]
[SourceVersionDate "2022.10.05"]
[SourceQuality "1"]

1. d4 d6 2. c4 e5 3. Nf3 e4 4. Ng5 f5 5. h4 h6 6. Nh3 Qxh4 7. g3 Qh5 8. Bg2 Qf7 9. b3 Be7 10. Bb2 Nf6 11. Nc3 0-0 12. Nf4 c6 13. e3 Nbd7 14. Qe2 Nb6 15. 0-0-0 d5 16. c5 Nbd7 17. Bh3 Nh7 18. g4 fxg4 19. Bxg4 Ndf6 20. Bxc8 Raxc8 21. Rdg1 Ng5 22. Rg3 Bd8 23. Nh3 Nxh3 24. Rhxh3 Bc7 25. Rg2 Kh7 26. f3 exf3 27. Rxf3 Qh5 28. Qd3+ Kh8 29. Rf1 Ne4 30. Nxe4 dxe4 31. Rxf8+ Rxf8 32. Qd1 Qh3 0-1

[Event "Gran Canaria Cabildo Cup"]
[Site "Gran Canaria"]
[Date "2022.04.13"]
[Round "5"]
[White "Bressac, Stephane"]
[Black "Gimenez Menchon, Cesar"]
[Result "1-0"]
[WhiteElo "2295"]
[BlackElo "2230"]
[PlyCount "159"]
[EventDate "2022.04.10"]
[EventType "swiss"]
[EventRounds "7"]
[EventCountry "ESP"]
[SourceTitle "CBM 207 Extra"]
[Source "ChessBase"]
[SourceDate "2022.05.31"]
[SourceVersion "1"]
[SourceVersionDate "2022.05.31"]
[SourceQuality "1"]

1. e4 c6 2. d4 d5 3. Nd2 dxe4 4. Nxe4 Bf5 5. Ng3 Bg6 6. Nh3 e6 7. Nf4 Bd6 8. c3 Nf6 9. h4 Bxf4 10. Bxf4 h6 11. h5 Bh7 12. Qb3 Qe7 13. Be2 0-0 14. 0-0 Nd5 15. Bd2 Qc7 16. c4 Nf6 17. Bf3 Nbd7 18. Rfe1 Rad8 19. Qa4 Nb6 20. Qa5 Rxd4 21. b3 Rd3 22. Be3 Nbd5 23. Qxc7 Nxc7 24. Bxa7 Rfd8 25. Be2 Rd2 26. Bb6 R8d7 27. Ba5 Rc2 28. Red1 Nce8 29. a4 Rb2 30. b4 Rdd2 31. Rxd2 Rxd2 32. b5 Rb2 33. Bd8 cxb5 34. cxb5 Nd5 35. b6 Nxb6 36. Bb5 Nd6 37. Bxb6 Nxb5 38. axb5 Bd3 39. Ra7 Rb1+ 40. Kh2 Rxb5 41. Rxb7 f5 42. Rb8+ Kf7 43. Bc7 Rxb8 44. Bxb8 g6 45. hxg6+ Kxg6 46. f4 Bc4 47. Nh1 Bb5 48. Nf2 Be2 49. Kg3 Kh5 50. Nh3 Bc4 51. Ng1 Ba2 52. Nf3 Bb3 53. Bd6 Ba2 54. Be7 Bd5 55. Bd6 Ba2 56. Ne5 Bd5 57. Kf2 Kh4 58. g3+ Kh3 59. Be7 Bb3 60. Bh4 Ba4 61. Ke3 Kg2 62. Kd4 Bb3 63. Ng6 Kf3 64. Ke5 Kg4 65. Nf8 Bc2 66. Nxe6 Bb1 67. Kf6 h5 68. Ng7 Bc2 69. Kg6 Ba4 70. Kh6 Bd7 71. Nxh5 Kf3 72. Kg5 Bc8 73. Ng7 Ke4 74. Ne8 Kd5 75. Kf6 Bd7 76. Ke7 Ba4 77. Nf6+ Kd4 78. Ke6 Bc2 79. Ne8 Ke3 80. Nd6 1-0

[Event "Titled Tuesday intern op 26th Oct"]
[Site "Chess.com INT"]
[Date "2021.10.26"]
[Round "1"]
[White "Bressac, Stephane"]
[Black "Pavlidis, Anastasios"]
[Result "1-0"]
[WhiteElo "2304"]
[BlackElo "2343"]
[PlyCount "51"]
[EventDate "2021.10.26"]
[EventType "swiss (blitz)"]
[EventRounds "11"]
[EventCountry "USA"]
[SourceTitle "CBM 204 Extra"]
[Source "ChessBase"]
[SourceDate "2021.11.30"]
[SourceVersion "1"]
[SourceVersionDate "2021.11.30"]
[SourceQuality "1"]

1. e4 c6 2. d4 d5 3. Nd2 dxe4 4. Nxe4 Nf6 5. Nxf6+ exf6 6. c3 Bd6 7. Bd3 0-0 8. Ne2 Be6 9. Qc2 Qd7 10. Bxh7+ Kh8 11. Bd3 Re8 12. 0-0 Qc7 13. Ng3 Nd7 14. Bd2 g6 15. Rae1 Kg7 16. Re2 Rh8 17. Rfe1 Rh4 18. Bxg6 fxg6 19. Rxe6 Rah8 20. h3 Nf8 21. Re8 Kf7 22. Qb3+ Kg7 23. Ne4 Bh2+ 24. Kf1 Bd6 25. Nxd6 Qxd6 26. R1e7+ 1-0

[Event "ESP-chT CECLUB Div1"]
[Site "Linares"]
[Date "2021.09.13"]
[Round "6.4"]
[White "Bressac, Stephane"]
[Black "Martinez Fernandez, Adrian"]
[Result "0-1"]
[WhiteElo "2368"]
[BlackElo "2318"]
[PlyCount "94"]
[EventDate "2021.09.08"]
[EventType "team-tourn"]
[EventRounds "7"]
[EventCountry "ESP"]
[SourceTitle "CBM 204 Extra"]
[Source "ChessBase"]
[SourceDate "2021.11.30"]
[SourceVersion "1"]
[SourceVersionDate "2021.11.30"]
[SourceQuality "1"]
[WhiteTeam "Santa Lucia Grandama"]
[BlackTeam "Barcelona CE"]
[WhiteTeamCountry "ESP"]
[BlackTeamCountry "ESP"]

1. e4 c5 2. c3 Nc6 3. Nf3 d5 4. exd5 Qxd5 5. d4 Bf5 6. Be3 cxd4 7. Nxd4 Nf6 8. Nxf5 Qxf5 9. Nd2 Rd8 10. Qa4 Qg4 11. Qb3 Qc8 12. Bb5 a6 13. Bc4 e6 14. Bb6 Rd7 15. 0-0-0 Ne5 16. Bd4 Neg4 17. Kb1 Bc5 18. Bxe6 fxe6 19. Qxe6+ Be7 20. h3 Nh6 21. Ne4 Nxe4 22. Qxe4 0-0 23. g4 Qc6 24. Qc2 Qg6 25. Qxg6 hxg6 26. Kc2 Bh4 27. Rd2 Rf3 28. Kd1 Nf7 29. Ke2 Ng5 30. Rhd1 Rdf7 31. Be3 Nxh3 32. Rh1 g5 33. Rh2 Ng1+ 34. Kd1 Rh3 35. Rg2 Rh1 36. Kc2 Nf3 37. Rd1 Ne1+ 38. Kd2 Rd7+ 39. Bd4 Nf3+ 40. Kc2 Rxd1 41. Kxd1 Nxd4 42. cxd4 Rxd4+ 43. Ke2 Rc4 44. Kd3 Rf4 45. Ke3 Rf7 46. f3 Be1 47. Rc2 Bg3 0-1

[Event "ESP-chT CECLUB Div1"]
[Site "Linares"]
[Date "2021.09.09"]
[Round "2.2"]
[White "Korneev, Oleg"]
[Black "Bressac, Stephane"]
[Result "1-0"]
[WhiteElo "2531"]
[BlackElo "2368"]
[PlyCount "98"]
[EventDate "2021.09.08"]
[EventType "team-tourn"]
[EventRounds "7"]
[EventCountry "ESP"]
[SourceTitle "CBM 204 Extra"]
[Source "ChessBase"]
[SourceDate "2021.11.30"]
[SourceVersion "1"]
[SourceVersionDate "2021.11.30"]
[SourceQuality "1"]
[WhiteTeam "Solvay"]
[BlackTeam "Santa Lucia Grandama"]
[WhiteTeamCountry "ESP"]
[BlackTeamCountry "ESP"]

1. e4 c5 2. Nf3 Nc6 3. d4 cxd4 4. Nxd4 Nf6 5. Nc3 e5 6. Ndb5 d6 7. Bg5 a6 8. Na3 b5 9. Nd5 Qa5+ 10. Bd2 Qd8 11. c4 Nxe4 12. cxb5 Be6 13. Bc4 Ne7 14. 0-0 Nxd5 15. Bxd5 Bxd5 16. Ba5 Qxa5 17. Qxd5 Rc8 18. Qxe4 Be7 19. Qb7 Qc7 20. Qxc7 Rxc7 21. bxa6 Kd7 22. Nb5 Rc6 23. Rfc1 Rxa6 24. Rc7+ Ke6 25. Rb7 Rc6 26. Re1 Kf6 27. f4 Rhc8 28. Na7 R6c7 29. fxe5+ dxe5 30. Rb6+ Kf5 31. Nxc8 Rxc8 32. b4 Rc4 33. Rb1 e4 34. Rb7 Ke6 35. a4 Bf6 36. Kf1 Rc2 37. Re1 Kf5 38. Rxf7 Kf4 39. b5 e3 40. b6 Rf2+ 41. Kg1 Rb2 42. a5 Ke4 43. Rxf6 gxf6 44. Ra1 Kd3 45. a6 e2 46. a7 Ra2 47. Re1 Ra4 48. g3 Ra5 49. b7 Kd2 1-0